000 00607nam a2200193 i 4500
001 22619
003 ES-MaACL
005 20230906152728.0
007 t|
008 021203s1950 sp ||||1| spa d
100 1 _aAlonso Muñoyerro, Luis.
_920368
245 1 0 _aCódigo de Deontología farmacéutica /
_cLuis Alonso Muñoyerro.
260 _aMadrid :
_bFax,
_c1950 (
_fBolaños y Aguilar)
300 _a236 p. ;
_c20 cm.
490 1 _aPsicología, medicina, pastoral ;
_v4
830 0 _aPsicología, medicina, pastoral ;
_v4
_9180800
852 _aES-MaACL
_jD-5560
_bR.30088
999 _c22619
_d22619